000 00482nam a2200193Ia 4500
003 OSt
005 20250903143349.0
008 220917b |||||||| |||| 00| 0 eng d
037 _cTB
040 _aARTS
_cARTS
_beng
041 _2eng
_aeng
084 _aSM950aV K3
_qAL
100 _aMazlish B
_990440
245 0 _aPsychoanalysis and history
260 _c1963
650 _aPSYCHOLOGY
942 _hSM950aV K3
_cTB
_2CC
_n0
999 _c208856
_d208856